You ask he answer (Record no. 361444)

MARC details
000 -LEADER
fixed length control field 003060000a22001330004500
005 - DATE AND TIME OF LATEST TRANSACTION
control field 20120302064149.0
040 ## - CATALOGING SOURCE
Original cataloging agency Eng
100 ## - MAIN ENTRY--PERSONAL NAME
Personal name Swami Tejomayananda
245 ## - TITLE STATEMENT
Title You ask he answer
260 ## - PUBLICATION, DISTRIBUTION, ETC. (IMPRINT)
Place of publication, distribution, etc Mumbai:Central chinmaya mission trust,2004.
300 ## - PHYSICAL DESCRIPTION
Extent 88p..-ill
365 ## - TRADE PRICE
Price amount 50/-
942 ## - ADDED ENTRY ELEMENTS (KOHA)
Koha item type Book
Holdings
Withdrawn status Lost status Damaged status Not for loan Home library Current library Date acquired Total Checkouts Barcode Date last seen Price effective from
        Institute For Oriental Study, Thane Institute For Oriental Study, Thane 12/02/2009   IOS-E 22497 12/02/2009 12/02/2009